Fundamentos de las matemáticas superiores / (Registro nro. 13130)

Detalles MARC
000 -LIDER
fixed length control field 00556nam a22001817a 4500
003 - IDENTIFICACDOR DE NÚMERO DE CONTROL
control field DO-SdBNP
005 - DATE AND TIME OF LATEST TRANSACTION
control field 20171127133115.0
008 - ELEMENTOS DE LONGITUD FIJA
fixed length control field 171127b x1991uu||||| |||| 00| 0 spa d
040 ## - FUENTE DE CATALOGACIÓN
Agencia que crea de manera original el registro BPMSU
Idioma de catalogación spa
Agencia que realiza la transcripción BPMSU
100 ## - ASIENTO PRINCIPAL -- NOMBRE PERSONAL
Nombre personal Shipachev, V. S.
245 1# - MENCIÓN DE TITULO
Título Fundamentos de las matemáticas superiores /
Mención de responsabilidad V. S. Shipachev
300 ## - DESCRIPCIÓN FÍSICA
Extensión 423 p. :
Otros detalles físicos il. ,
Dimensiones 22 cm.
500 ## - NOTA GENERAL
Nota general Incluye índice
500 ## - NOTA GENERAL
Nota general Incluye referencias bibliográficas y notas al pie de las paginas
506 ## - NOTA DE RESTRICCIONES DE ACCESO
Términos que rigen el acceso Incluye índice
942 ## - ADDED ENTRY ELEMENTS (KOHA)
Source of classification or shelving scheme Dewey Decimal Classification
Koha item type Libros
945 ## - INFORMACIÓN DE PROCESAMIENTO LOCAL
Información de procesamiento local Inventariado, 2017/MFF
Existencias
Withdrawn status Lost status Source of classification or shelving scheme Damaged status Not for loan Collection code Home library Current library Date acquired Total Checkouts Barcode Date last seen Price effective from Koha item type
    Dewey Decimal Classification     Colección General Biblioteca Pública Metropolitana Salomé Ureña Biblioteca Pública Metropolitana Salomé Ureña 11/27/2017   BPMSU17110458 11/27/2017 11/27/2017 Libros